| 000 | 01297cam a2200313 a 4500 | ||
|---|---|---|---|
| 999 |
_c234158 _d234158 |
||
| 001 | 15406751 | ||
| 003 | Nust | ||
| 005 | 20170314155501.0 | ||
| 008 | 080809s2009 nyuab b 001 0 eng | ||
| 010 | _a 2008035187 | ||
| 020 | _a9781435851672 (lib. bdg.) | ||
| 020 | _a1435851676 (lib. bdg.) | ||
| 035 | _a(OCoLC)ocn243675082 | ||
| 040 |
_aDLC _cASAB _dIG# _dBTCTA _dIHI _dDLC |
||
| 050 | 0 | 0 |
_aQH541.15.B56 _bS665 2009 |
| 082 | 0 | 0 |
_a639.8 _222 |
| 100 | 1 | _aSpicer, John I. | |
| 245 | 1 | 0 |
_aBiodiversity / _cJohn I. Spicer. |
| 250 | _aUpdated ed. | ||
| 260 |
_aNew York : _bRosen Pub., _c2009. |
||
| 300 |
_a191 p. : _bill., map ; _c23 cm. |
||
| 490 | 1 | _aWorld issues today | |
| 500 | _aPrevious ed. published in 2006 as part of the Oneworld beginners' guides series, and bearing the subtitle: A beginner's guide. | ||
| 504 | _aIncludes bibliographical references and index. | ||
| 650 | 0 | _aBiodiversity. | |
| 830 | 0 | _aWorld issues today. | |
| 856 | 4 | 1 |
_3Table of contents only _uhttp://www.loc.gov/catdir/toc/ecip0825/2008035187.html |
| 906 |
_a7 _bcbc _corignew _d1 _eecip _f20 _gy-gencatlg |
||
| 942 |
_2ddc _cBK |
||